[Event "POL-ch U12"]
[Site "Uniejow"]
[Date "2021.07.23"]
[Round "7"]
[White "Uhryn, Mateusz"]
[Black "Przybylski, Jan"]
[Result "1-0"]
[WhiteElo "1377"]
[BlackElo "1578"]
[PlyCount "47"]
[EventDate "2021.07.18"]
[EventType "swiss"]
[EventRounds "9"]
[EventCountry "POL"]
[SourceTitle "EXT 2022"]
[Source "ChessBase"]
[SourceDate "2021.10.06"]
[SourceVersion "1"]
[SourceVersionDate "2021.10.06"]
[SourceQuality "1"]

1. e4 c5 2. Nc3 Nc6 3. Bb5 Nd4 4. Nf3 Nxb5 5. Nxb5 d6 6. d4 cxd4 7. Qxd4 Bd7 8. Nc3 e5 9. Qd3 Nf6 10. Bg5 Be7 11. 0-0 Be6 12. Rad1 a6 13. Bxf6 gxf6 14. Nh4 Qc7 15. Nd5 Bxd5 16. Qxd5 Qc6 17. Qd3 Rc8 18. Rd2 Qc4 19. Qh3 Rd8 20. Qg4 h5 21. Qg7 Rf8 22. Qh7 d5 23. Nf5 Qxe4 24. Ng7+ 1-0

[Event "POL-ch U12"]
[Site "Uniejow"]
[Date "2021.07.20"]
[Round "3"]
[White "Mulawa, Cyprian"]
[Black "Przybylski, Jan"]
[Result "1-0"]
[WhiteElo "1989"]
[BlackElo "1578"]
[PlyCount "91"]
[EventDate "2021.07.18"]
[EventType "swiss"]
[EventRounds "9"]
[EventCountry "POL"]
[SourceTitle "EXT 2022"]
[Source "ChessBase"]
[SourceDate "2021.10.06"]
[SourceVersion "1"]
[SourceVersionDate "2021.10.06"]
[SourceQuality "1"]

1. e4 c5 2. Nf3 e6 3. d4 cxd4 4. Nxd4 Nf6 5. Nc3 d6 6. g4 h6 7. h4 Be7 8. Rg1 d5 9. exd5 Nxd5 10. Bb5+ Bd7 11. Nxd5 exd5 12. Bxd7+ Qxd7 13. g5 hxg5 14. hxg5 g6 15. Be3 Nc6 16. Nxc6 bxc6 17. Qd2 Qb7 18. 0-0-0 Qb4 19. Qe2 Rb8 20. c3 Qa5 21. Kb1 Qb5 22. Qxb5 Rxb5 23. Bxa7 Rh3 24. Be3 Rh4 25. Kc2 Ra5 26. Ra1 Raa4 27. b3 Rag4 28. a4 Kd7 29. Kd3 c5 30. Ke2 Re4 31. Kf3 Rh3+ 32. Rg3 Rhh4 33. a5 Kc8 34. Rd1 d4 35. cxd4 cxd4 36. Bd2 Kb7 37. Re1 Rxe1 38. Bxe1 Ba3 39. Bd2 Ka6 40. Ke2 Bd6 41. Rf3 Re4+ 42. Kd3 Re7 43. Rf6 Rd7 44. Bf4 Kxa5 45. Rxd6 Rxd6 46. Bxd6 1-0